[Event "Russian Blitz Team Championship (w)"]
[Site "Sochi"]
[Date "2022.10.17"]
[Round "7.4"]
[White "Kovanova, Baira"]
[Black "Ivanova, Anastasia S."]
[Result "0-1"]
[BlackElo "1902"]
[WhiteElo "2217"]
[LiveChessVersion "1.4.8"]

1. e4 {[%clk 0:03:03]} c5 {[%clk 0:03:03]} 2. Nf3 {[%clk 0:03:04]} Nc6
{[%clk 0:03:04]} 3. Bb5 {[%clk 0:03:05]} g6 {[%clk 0:03:05]} 4. Bxc6
{[%clk 0:03:05]} bxc6 {[%clk 0:03:05]} 5. O-O {[%clk 0:03:02]} Bg7
{[%clk 0:03:06]} 6. Re1 {[%clk 0:03:01]} d6 {[%clk 0:03:00]} 7. c3
{[%clk 0:02:52]} Bg4 {[%clk 0:02:32]} 8. h3 {[%clk 0:02:51]} Bxf3
{[%clk 0:02:31]} 9. Qxf3 {[%clk 0:02:52]} e6 {[%clk 0:02:30]} 10. d3
{[%clk 0:02:41]} Ne7 {[%clk 0:02:29]} 11. Be3 {[%clk 0:02:38]} O-O
{[%clk 0:02:09]} 12. d4 {[%clk 0:02:33]} cxd4 {[%clk 0:02:10]} 13. Bxd4
{[%clk 0:02:20]} Bxd4 {[%clk 0:01:55]} 14. cxd4 {[%clk 0:02:21]} d5
{[%clk 0:01:45]} 15. e5 {[%clk 0:02:21]} Qb6 {[%clk 0:01:43]} 16. Qc3
{[%clk 0:02:17]} Rfc8 {[%clk 0:01:37]} 17. Rc1 {[%clk 0:02:04]} Nf5
{[%clk 0:01:36]} 18. Rd1 {[%clk 0:01:49]} c5 {[%clk 0:01:35]} 19. dxc5
{[%clk 0:01:49]} Rxc5 {[%clk 0:01:31]} 20. Qd2 {[%clk 0:01:31]} Qc7
{[%clk 0:01:31]} 21. Qf4 {[%clk 0:01:23]} Rc4 {[%clk 0:01:29]} 22. Qg5
{[%clk 0:00:57]} Qxe5 {[%clk 0:01:19]} 23. Nc3 {[%clk 0:00:58]} Qg7
{[%clk 0:01:08]} 24. Qd2 {[%clk 0:00:47]} Rb8 {[%clk 0:00:59]} 25. Rab1
{[%clk 0:00:43]} Rd4 {[%clk 0:00:58]} 26. Qe2 {[%clk 0:00:38]} Rxd1+
{[%clk 0:00:56]} 27. Rxd1 {[%clk 0:00:39]} Qf6 {[%clk 0:00:48]} 28. Rd2
{[%clk 0:00:39]} Qd8 {[%clk 0:00:42]} 29. Qe5 {[%clk 0:00:28]} Rc8
{[%clk 0:00:37]} 30. Ne4 {[%clk 0:00:26]} Rc1+ {[%clk 0:00:27]} 31. Kh2
{[%clk 0:00:28]} Qc7 {[%clk 0:00:23]} 32. Nf6+ {[%clk 0:00:26]} Kf8
{[%clk 0:00:22]} 33. Nxh7+ {[%clk 0:00:15]} Ke7 {[%clk 0:00:21]} 34. Rxd5
{[%clk 0:00:15]} Qxe5+ {[%clk 0:00:21]} 35. Rxe5 {[%clk 0:00:16]} Rc2
{[%clk 0:00:22]} 36. Ra5 {[%clk 0:00:17]} Rc7 {[%clk 0:00:16]} 37. Ng5
{[%clk 0:00:18]} Nd6 {[%clk 0:00:16]} 38. Nf3 {[%clk 0:00:17]} Rb7
{[%clk 0:00:16]} 39. b3 {[%clk 0:00:18]} Ne4 {[%clk 0:00:17]} 40. Kg1
{[%clk 0:00:18]} Nc3 {[%clk 0:00:17]} 41. Ne5 {[%clk 0:00:18]} Rc7
{[%clk 0:00:16]} 42. Ra6 {[%clk 0:00:16]} Kf6 {[%clk 0:00:16]} 43. Nc4
{[%clk 0:00:15]} Rd7 {[%clk 0:00:15]} 44. g3 {[%clk 0:00:15]} Rd1+
{[%clk 0:00:15]} 45. Kg2 {[%clk 0:00:17]} Rd7 {[%clk 0:00:16]} 46. g4
{[%clk 0:00:16]} Ne4 {[%clk 0:00:16]} 47. Kf3 {[%clk 0:00:17]} Ng5+
{[%clk 0:00:17]} 48. Kg2 {[%clk 0:00:16]} Ne4 {[%clk 0:00:17]} 49. h4
{[%clk 0:00:13]} Nc5 {[%clk 0:00:18]} 50. Rc6 {[%clk 0:00:13]} Nd3
{[%clk 0:00:18]} 51. Ne3 {[%clk 0:00:13]} Nf4+ {[%clk 0:00:18]} 52. Kf3
{[%clk 0:00:14]} Nd5 {[%clk 0:00:15]} 53. Nxd5+ {[%clk 0:00:14]} Rxd5
{[%clk 0:00:15]} 54. Ra6 {[%clk 0:00:14]} Rd7 {[%clk 0:00:16]} 55. Kg3
{[%clk 0:00:15]} Ke5 {[%clk 0:00:16]} 56. Ra5+ {[%clk 0:00:14]} Ke4
{[%clk 0:00:16]} 57. f3+ {[%clk 0:00:13]} Ke3 {[%clk 0:00:13]} 58. Re5+
{[%clk 0:00:14]} Kd4 {[%clk 0:00:14]} 59. Re4+ {[%clk 0:00:14]} Kd5
{[%clk 0:00:14]} 60. Kf4 {[%clk 0:00:14]} Rc7 {[%clk 0:00:13]} 61. Ra4
{[%clk 0:00:15]} Kd6 {[%clk 0:00:08]} 62. Ra6+ {[%clk 0:00:15]} Ke7
{[%clk 0:00:08]} 63. h5 {[%clk 0:00:14]} gxh5 {[%clk 0:00:08]} 64. gxh5
{[%clk 0:00:15]} Kf6 {[%clk 0:00:09]} 65. Ra5 {[%clk 0:00:11]} Rd7
{[%clk 0:00:07]} 66. Rc5 {[%clk 0:00:11]} Rd4+ {[%clk 0:00:08]} 67. Ke3
{[%clk 0:00:11]} Rd7 {[%clk 0:00:08]} 68. a4 {[%clk 0:00:12]} Rb7
{[%clk 0:00:09]} 69. Rc3 {[%clk 0:00:08]} Kg5 {[%clk 0:00:10]} 70. Rc5+
{[%clk 0:00:08]} Kh6 {[%clk 0:00:11]} 71. Rc3 {[%clk 0:00:06]} Kxh5 72. Ke4
{[%clk 0:00:07]} Kg6 {[%clk 0:00:12]} 73. Ke5 {[%clk 0:00:08]} Rd7
{[%clk 0:00:13]} 74. b4 {[%clk 0:00:07]} Rd5+ {[%clk 0:00:14]} 75. Ke4
{[%clk 0:00:08]} f5+ {[%clk 0:00:14]} 76. Ke3 {[%clk 0:00:10]} Kf6
{[%clk 0:00:14]} 77. b5 {[%clk 0:00:10]} Ke5 {[%clk 0:00:14]} 78. Rc7
{[%clk 0:00:10]} a6 {[%clk 0:00:14]} 79. b6 {[%clk 0:00:10]} Rd6 {[%clk 0:00:10]}
80. a5 {[%clk 0:00:11]} Rd5 {[%clk 0:00:11]} 81. b7 {[%clk 0:00:07]} Rb5
{[%clk 0:00:12]} 82. Rc6 {[%clk 0:00:06]} Rxb7 {[%clk 0:00:12]} 83. Rxa6
{[%clk 0:00:07]} Rb3+ {[%clk 0:00:13]} 84. Ke2 {[%clk 0:00:08]} Ra3
{[%clk 0:00:14]} 85. Kf2 {[%clk 0:00:08]} Kf4 {[%clk 0:00:15]} 86. Ke2
{[%clk 0:00:09]} e5 {[%clk 0:00:15]} 87. Ra8 {[%clk 0:00:07]} Rxf3
{[%clk 0:00:15]} 88. a6 {[%clk 0:00:08]} Ra3 {[%clk 0:00:16]} 89. Kf2
{[%clk 0:00:08]} Ra2+ {[%clk 0:00:16]} 90. Ke1 {[%clk 0:00:09]} Ke3
{[%clk 0:00:17]} 91. Kd1 {[%clk 0:00:11]} f4 {[%clk 0:00:17]} 92. a7
{[%clk 0:00:10]} e4 {[%clk 0:00:17]} 93. Kc1 {[%clk 0:00:12]} f3 {[%clk 0:00:18]}
94. Kb1 {[%clk 0:00:13]} Ra6 {[%clk 0:00:17]} 0-1

[Event "Russian Blitz Team Championship (w)"]
[Site "Sochi"]
[Date "2022.10.17"]
[Round "7.5"]
[White "Potapova, Margarita"]
[Black "Shuvalova, Polina"]
[Result "1-0"]
[BlackElo "2392"]
[WhiteElo "2150"]
[LiveChessVersion "1.4.8"]

1. d4 {[%clk 0:03:03]} Nf6 {[%clk 0:03:03]} 2. c4 {[%clk 0:03:05]} e6
{[%clk 0:03:04]} 3. Nc3 {[%clk 0:03:06]} Bb4 {[%clk 0:03:05]} 4. f3
{[%clk 0:03:06]} c5 {[%clk 0:03:05]} 5. d5 {[%clk 0:03:07]} d6 {[%clk 0:03:06]}
6. e4 {[%clk 0:03:06]} O-O {[%clk 0:03:07]} 7. Nge2 {[%clk 0:03:06]} b5
{[%clk 0:03:07]} 8. Ng3 {[%clk 0:03:04]} Re8 {[%clk 0:03:04]} 9. Be2
{[%clk 0:02:51]} bxc4 {[%clk 0:02:50]} 10. O-O {[%clk 0:02:50]} Bxc3
{[%clk 0:02:17]} 11. bxc3 {[%clk 0:02:51]} exd5 {[%clk 0:02:18]} 12. exd5
{[%clk 0:02:51]} Nbd7 {[%clk 0:02:17]} 13. Bxc4 {[%clk 0:02:49]} Nb6
{[%clk 0:02:17]} 14. Bb5 {[%clk 0:02:50]} Bd7 {[%clk 0:02:17]} 15. Ba6
{[%clk 0:02:39]} Nbxd5 {[%clk 0:02:01]} 16. Bb7 {[%clk 0:02:19]} Nxc3
{[%clk 0:02:00]} 17. Qxd6 {[%clk 0:02:01]} Rb8 {[%clk 0:02:01]} 18. Ba6
{[%clk 0:01:26]} Rb6 {[%clk 0:01:44]} 19. Qd3 {[%clk 0:01:27]} Nb5
{[%clk 0:01:18]} 20. Bxb5 {[%clk 0:01:02]} Bxb5 {[%clk 0:01:19]} 21. Qxd8
{[%clk 0:01:02]} Rxd8 {[%clk 0:01:20]} 22. Re1 {[%clk 0:01:02]} Bd3
{[%clk 0:01:17]} 23. Be3 {[%clk 0:01:01]} Rc6 {[%clk 0:01:16]} 24. Rac1
{[%clk 0:01:01]} c4 {[%clk 0:00:54]} 25. Bxa7 {[%clk 0:00:55]} Ra6
{[%clk 0:00:49]} 26. Bc5 {[%clk 0:00:55]} Rc8 {[%clk 0:00:43]} 27. Bd4
{[%clk 0:00:53]} Rxa2 {[%clk 0:00:39]} 28. Bxf6 {[%clk 0:00:54]} gxf6
{[%clk 0:00:39]} 29. Nh5 {[%clk 0:00:44]} f5 {[%clk 0:00:38]} 30. Re3
{[%clk 0:00:41]} Rca8 {[%clk 0:00:33]} 31. Re5 {[%clk 0:00:13]} h6
{[%clk 0:00:26]} 32. Nf4 {[%clk 0:00:10]} Rd8 {[%clk 0:00:21]} 33. Rc5
{[%clk 0:00:07]} Kg7 {[%clk 0:00:15]} 34. g3 {[%clk 0:00:09]} Rd7
{[%clk 0:00:14]} 35. Nh5+ {[%clk 0:00:10]} Kg6 {[%clk 0:00:14]} 36. Nf4+
{[%clk 0:00:11]} Kg7 {[%clk 0:00:12]} 37. Nh5+ {[%clk 0:00:12]} Kg6
{[%clk 0:00:12]} 38. Nf4+ {[%clk 0:00:13]} Kh7 {[%clk 0:00:13]} 39. Nh5
{[%clk 0:00:15]} Rd6 {[%clk 0:00:12]} 40. Rc7 {[%clk 0:00:14]} Kg6
{[%clk 0:00:11]} 41. Nf4+ {[%clk 0:00:14]} Kf6 {[%clk 0:00:12]} 42. Nh5+
{[%clk 0:00:13]} Ke5 {[%clk 0:00:10]} 43. Rxf7 {[%clk 0:00:12]} Kd4
{[%clk 0:00:10]} 44. Nf4 {[%clk 0:00:12]} Rb2 {[%clk 0:00:08]} 45. Rc7
{[%clk 0:00:11]} Rb4 {[%clk 0:00:04]} 46. Nxd3 {[%clk 0:00:10]} cxd3
{[%clk 0:00:05]} 47. Rd1 {[%clk 0:00:08]} Rb2 {[%clk 0:00:04]} 48. Re7
{[%clk 0:00:06]} Rd5 {[%clk 0:00:04]} 49. Re6 {[%clk 0:00:06]} h5
{[%clk 0:00:05]} 50. Re8 {[%clk 0:00:06]} d2 {[%clk 0:00:05]} 51. Kf2
{[%clk 0:00:07]} Kd3 {[%clk 0:00:06]} 52. Re3+ {[%clk 0:00:06]} Kc2
{[%clk 0:00:07]} 53. Ke2 {[%clk 0:00:08]} Rb1 {[%clk 0:00:04]} 54. Rxb1
{[%clk 0:00:06]} Kxb1 55. Kd1 f4 {[%clk 0:00:04]} 56. gxf4 {[%clk 0:00:09]} Kb2
{[%clk 0:00:04]} 57. f5 {[%clk 0:00:09]} Rxf5 {[%clk 0:00:03]} 58. Kxd2
{[%clk 0:00:10]} Rf4 {[%clk 0:00:04]} 59. Ke2 {[%clk 0:00:10]} Rh4
{[%clk 0:00:06]} 60. Kd3 {[%clk 0:00:07]} Rxh2 {[%clk 0:00:04]} 61. f4
{[%clk 0:00:09]} Kb3 {[%clk 0:00:04]} 62. Kd4+ {[%clk 0:00:10]} Kb4
{[%clk 0:00:04]} 63. f5 {[%clk 0:00:11]} Rf2 {[%clk 0:00:04]} 64. Ke5
{[%clk 0:00:12]} h4 {[%clk 0:00:03]} 65. f6 {[%clk 0:00:13]} Kc5 {[%clk 0:00:04]}
66. Ke6 {[%clk 0:00:14]} Kc6 {[%clk 0:00:05]} 67. f7 {[%clk 0:00:14]} h3
{[%clk 0:00:03]} 68. Rc3+ {[%clk 0:00:13]} Kb7 {[%clk 0:00:05]} 69. Rxh3
{[%clk 0:00:14]} Re2+ {[%clk 0:00:05]} 70. Kd7 {[%clk 0:00:14]} Rd2+
{[%clk 0:00:06]} 71. Ke8 {[%clk 0:00:15]} Re2+ {[%clk 0:00:08]} 72. Kf8
{[%clk 0:00:17]} Kc7 {[%clk 0:00:08]} 73. Rd3 {[%clk 0:00:18]} Kc8
{[%clk 0:00:10]} 74. Rd4 {[%clk 0:00:19]} Kc7 {[%clk 0:00:11]} 75. Kg7
{[%clk 0:00:19]} Rg2+ {[%clk 0:00:12]} 76. Kf6 {[%clk 0:00:21]} Rf2+
{[%clk 0:00:13]} 77. Ke6 {[%clk 0:00:21]} Re2+ {[%clk 0:00:15]} 78. Kf5
{[%clk 0:00:21]} 1-0

[Event "Russian Blitz Team Championship (w)"]
[Site "Sochi"]
[Date "2022.10.17"]
[Round "7.6"]
[White "Gunina, Valentina"]
[Black "Tomilova, Elena"]
[Result "1-0"]
[BlackElo "2107"]
[WhiteElo "2376"]
[LiveChessVersion "1.4.8"]

1. d4 {[%clk 0:03:02]} Nf6 {[%clk 0:03:03]} 2. c4 {[%clk 0:03:03]} e6
{[%clk 0:03:04]} 3. Nf3 {[%clk 0:03:03]} b6 {[%clk 0:03:05]} 4. g3
{[%clk 0:03:05]} Ba6 {[%clk 0:03:02]} 5. b3 {[%clk 0:03:06]} Bb4+
{[%clk 0:03:03]} 6. Bd2 {[%clk 0:03:07]} Bxd2+ {[%clk 0:03:03]} 7. Qxd2
{[%clk 0:03:08]} d5 {[%clk 0:03:00]} 8. Bg2 {[%clk 0:03:08]} O-O {[%clk 0:02:59]}
9. O-O {[%clk 0:03:08]} c5 {[%clk 0:02:58]} 10. Nc3 {[%clk 0:03:00]} Nc6
{[%clk 0:02:58]} 11. dxc5 {[%clk 0:02:51]} bxc5 {[%clk 0:02:57]} 12. Nh4
{[%clk 0:02:52]} Rc8 {[%clk 0:02:38]} 13. cxd5 {[%clk 0:02:48]} exd5
{[%clk 0:02:14]} 14. Rfd1 {[%clk 0:02:49]} d4 {[%clk 0:02:10]} 15. Na4
{[%clk 0:02:49]} Nb4 {[%clk 0:01:37]} 16. Rac1 {[%clk 0:02:47]} Qa5
{[%clk 0:01:26]} 17. Nf5 {[%clk 0:02:47]} Qd8 {[%clk 0:00:27]} 18. Nxc5
{[%clk 0:02:43]} Rxc5 {[%clk 0:00:18]} 19. Rxc5 {[%clk 0:02:44]} d3
{[%clk 0:00:19]} 20. Qxb4 {[%clk 0:02:35]} 1-0

[Event "Russian Blitz Team Championship (w)"]
[Site "Sochi"]
[Date "2022.10.17"]
[Round "7.7"]
[White "Gritsayeva, Oksana"]
[Black "Badelka, Olga"]
[Result "0-1"]
[BlackElo "2316"]
[WhiteElo "2192"]
[LiveChessVersion "1.4.8"]

1. e4 {[%clk 0:03:03]} e5 {[%clk 0:03:03]} 2. Nf3 {[%clk 0:03:04]} Nc6
{[%clk 0:03:05]} 3. Nc3 {[%clk 0:03:05]} Nf6 {[%clk 0:03:06]} 4. Bb5
{[%clk 0:03:06]} Bd6 {[%clk 0:02:56]} 5. O-O {[%clk 0:03:04]} O-O
{[%clk 0:02:51]} 6. d3 {[%clk 0:03:00]} a6 {[%clk 0:02:50]} 7. Bc4
{[%clk 0:02:54]} h6 {[%clk 0:02:44]} 8. a3 {[%clk 0:02:50]} b5 {[%clk 0:02:34]}
9. Bb3 {[%clk 0:02:43]} Na5 {[%clk 0:02:02]} 10. Ba2 {[%clk 0:02:42]} c5
{[%clk 0:02:00]} 11. h3 {[%clk 0:02:36]} Bc7 {[%clk 0:01:50]} 12. Be3
{[%clk 0:02:32]} d6 {[%clk 0:01:52]} 13. Nh2 {[%clk 0:02:32]} Be6
{[%clk 0:01:47]} 14. f4 {[%clk 0:02:29]} Bxa2 {[%clk 0:01:46]} 15. Rxa2
{[%clk 0:02:24]} exf4 {[%clk 0:01:45]} 16. Bxf4 {[%clk 0:02:22]} Nc6
{[%clk 0:01:03]} 17. Nd5 {[%clk 0:02:04]} Nxd5 {[%clk 0:01:02]} 18. exd5
{[%clk 0:02:05]} Ne7 {[%clk 0:01:00]} 19. c4 {[%clk 0:02:03]} Ng6
{[%clk 0:01:00]} 20. Bg3 {[%clk 0:01:51]} Qg5 {[%clk 0:00:57]} 21. Qf3
{[%clk 0:01:19]} Rae8 {[%clk 0:00:54]} 22. Bf4 {[%clk 0:00:55]} Nxf4
{[%clk 0:00:45]} 23. Qxf4 {[%clk 0:00:56]} Qxf4 {[%clk 0:00:46]} 24. Rxf4
{[%clk 0:00:57]} Re2 {[%clk 0:00:47]} 25. Rf2 {[%clk 0:00:57]} Rfe8
{[%clk 0:00:48]} 26. b3 {[%clk 0:00:57]} Rxa2 {[%clk 0:00:46]} 27. Rxa2
{[%clk 0:00:58]} Re1+ {[%clk 0:00:37]} 28. Kf2 {[%clk 0:00:58]} Rb1
{[%clk 0:00:37]} 29. cxb5 {[%clk 0:00:41]} axb5 {[%clk 0:00:38]} 30. a4
{[%clk 0:00:42]} Rxb3 {[%clk 0:00:24]} 31. Ke2 {[%clk 0:00:32]} b4
{[%clk 0:00:19]} 32. Nf3 {[%clk 0:00:31]} Ra3 {[%clk 0:00:09]} 33. Rc2
{[%clk 0:00:08]} Rxa4 {[%clk 0:00:09]} 34. d4 {[%clk 0:00:07]} b3
{[%clk 0:00:09]} 35. Rb2 {[%clk 0:00:06]} c4 {[%clk 0:00:11]} 36. Kd2
{[%clk 0:00:04]} Ba5+ {[%clk 0:00:12]} 37. Kc1 {[%clk 0:00:03]} Bc3
{[%clk 0:00:11]} 38. Rb1 {[%clk 0:00:03]} Ra2 {[%clk 0:00:11]} 39. g4 Rf2 0-1

[Event "Russian Blitz Team Championship (w)"]
[Site "Sochi"]
[Date "2022.10.17"]
[Round "7.8"]
[White "Charochkina, Daria"]
[Black "Vasilevich, Tatjana"]
[Result "1-0"]
[BlackElo "2226"]
[WhiteElo "2282"]
[LiveChessVersion "1.4.8"]

1. d4 {[%clk 0:03:02]} Nf6 {[%clk 0:03:03]} 2. Bg5 {[%clk 0:03:03]} Ne4
{[%clk 0:03:02]} 3. Bf4 {[%clk 0:03:03]} d5 {[%clk 0:03:03]} 4. e3
{[%clk 0:03:05]} c5 {[%clk 0:02:59]} 5. Bd3 {[%clk 0:03:06]} Nf6 {[%clk 0:02:57]}
6. Nc3 {[%clk 0:03:07]} e6 {[%clk 0:02:57]} 7. Nf3 {[%clk 0:02:58]} c4
{[%clk 0:02:51]} 8. Be2 {[%clk 0:02:59]} Bb4 {[%clk 0:02:52]} 9. Nd2
{[%clk 0:02:44]} Qa5 {[%clk 0:02:49]} 10. O-O {[%clk 0:02:42]} Bxc3
{[%clk 0:02:48]} 11. bxc3 {[%clk 0:02:43]} Qxc3 {[%clk 0:02:48]} 12. Bd6
{[%clk 0:02:35]} Nc6 {[%clk 0:02:37]} 13. a4 {[%clk 0:02:27]} Qa5
{[%clk 0:02:34]} 14. Kh1 {[%clk 0:01:58]} Qd8 {[%clk 0:02:29]} 15. Ba3
{[%clk 0:01:57]} Ne7 {[%clk 0:02:27]} 16. c3 {[%clk 0:01:42]} O-O
{[%clk 0:02:25]} 17. e4 {[%clk 0:01:44]} dxe4 {[%clk 0:01:42]} 18. Bxc4
{[%clk 0:01:18]} Qc7 {[%clk 0:01:34]} 19. Bb3 {[%clk 0:01:05]} Rd8
{[%clk 0:01:34]} 20. Qe2 {[%clk 0:01:04]} Ned5 {[%clk 0:01:27]} 21. Rac1
{[%clk 0:00:57]} Nf4 {[%clk 0:01:27]} 22. Qe3 {[%clk 0:00:54]} Nd3
{[%clk 0:01:19]} 23. Nxe4 {[%clk 0:00:49]} Ng4 {[%clk 0:00:44]} 24. Qh3
{[%clk 0:00:49]} Qf4 {[%clk 0:00:33]} 25. f3 {[%clk 0:00:43]} Qxe4
{[%clk 0:00:22]} 26. fxg4 {[%clk 0:00:21]} Nxc1 {[%clk 0:00:23]} 27. Bxc1
{[%clk 0:00:22]} Bd7 {[%clk 0:00:21]} 28. Bd1 {[%clk 0:00:17]} Bc6
{[%clk 0:00:18]} 29. Qg3 {[%clk 0:00:10]} Rac8 {[%clk 0:00:17]} 30. Qf2
{[%clk 0:00:10]} Rd7 {[%clk 0:00:18]} 31. Bc2 {[%clk 0:00:11]} Qxg4
{[%clk 0:00:18]} 32. Qd2 {[%clk 0:00:06]} Bd5 {[%clk 0:00:17]} 33. Rf4
{[%clk 0:00:07]} Qg5 {[%clk 0:00:13]} 34. h4 {[%clk 0:00:06]} Qh5
{[%clk 0:00:13]} 35. Bd1 {[%clk 0:00:06]} Qh6 {[%clk 0:00:12]} 36. Qf2 Rxc3
{[%clk 0:00:05]} 37. Bd2 {[%clk 0:00:03]} Rc8 38. Rg4 Qh5 39. Rxg7+ 1-0

[Event "Russian Blitz Team Championship (w)"]
[Site "Sochi"]
[Date "2022.10.17"]
[Round "7.9"]
[White "Chernyak, Viktoria"]
[Black "Voit, Daria"]
[Result "1-0"]
[BlackElo "2247"]
[WhiteElo "2152"]
[LiveChessVersion "1.4.8"]

1. c4 {[%clk 0:03:03]} e5 {[%clk 0:03:02]} 2. Nc3 {[%clk 0:03:04]} Bb4
{[%clk 0:03:02]} 3. Nd5 {[%clk 0:03:05]} Be7 {[%clk 0:03:02]} 4. g3
{[%clk 0:03:05]} Nf6 {[%clk 0:02:58]} 5. Nxe7 {[%clk 0:03:05]} Qxe7
{[%clk 0:02:58]} 6. Bg2 {[%clk 0:03:06]} O-O {[%clk 0:02:46]} 7. e4
{[%clk 0:02:56]} Nc6 {[%clk 0:02:42]} 8. Ne2 {[%clk 0:02:55]} d6 {[%clk 0:02:34]}
9. O-O {[%clk 0:02:43]} Be6 {[%clk 0:02:34]} 10. b3 {[%clk 0:02:40]} Qd7
{[%clk 0:02:35]} 11. d4 {[%clk 0:02:07]} exd4 {[%clk 0:02:32]} 12. Nxd4
{[%clk 0:02:08]} Nxd4 {[%clk 0:02:30]} 13. Qxd4 {[%clk 0:02:08]} Bh3
{[%clk 0:02:30]} 14. Bg5 {[%clk 0:02:02]} Bxg2 {[%clk 0:02:28]} 15. Kxg2
{[%clk 0:02:02]} Ng4 {[%clk 0:02:28]} 16. Bd2 {[%clk 0:01:32]} Rfe8
{[%clk 0:02:22]} 17. Bc3 {[%clk 0:01:29]} f6 {[%clk 0:02:16]} 18. f3
{[%clk 0:01:22]} Ne5 {[%clk 0:02:14]} 19. Qd5+ {[%clk 0:01:13]} Kh8
{[%clk 0:02:12]} 20. Qxb7 {[%clk 0:01:07]} Nc6 {[%clk 0:02:02]} 21. Qb5
{[%clk 0:01:03]} a6 {[%clk 0:02:02]} 22. Qd5 {[%clk 0:01:00]} Ne7
{[%clk 0:02:02]} 23. Qd3 {[%clk 0:00:55]} Qe6 {[%clk 0:02:02]} 24. Rad1
{[%clk 0:00:50]} Ng6 {[%clk 0:01:56]} 25. Qd5 {[%clk 0:00:47]} Qe7
{[%clk 0:01:48]} 26. Rfe1 {[%clk 0:00:47]} Rab8 {[%clk 0:01:47]} 27. Re2
{[%clk 0:00:44]} Red8 {[%clk 0:01:42]} 28. Red2 {[%clk 0:00:39]} Re8
{[%clk 0:01:37]} 29. b4 {[%clk 0:00:33]} Rf8 {[%clk 0:01:05]} 30. a3
{[%clk 0:00:34]} Rfe8 {[%clk 0:01:05]} 31. Bd4 {[%clk 0:00:29]} Red8
{[%clk 0:00:59]} 32. Bf2 {[%clk 0:00:22]} Ne5 {[%clk 0:00:55]} 33. c5
{[%clk 0:00:21]} dxc5 {[%clk 0:00:35]} 34. Qxd8+ {[%clk 0:00:19]} 1-0

[Event "Russian Blitz Team Championship (w)"]
[Site "Sochi"]
[Date "2022.10.17"]
[Round "7.10"]
[White "Bivol, Alina"]
[Black "Garmash, Aliona"]
[Result "1-0"]
[BlackElo "1980"]
[WhiteElo "2264"]
[LiveChessVersion "1.4.8"]

1. e4 {[%clk 0:03:02]} c5 {[%clk 0:03:03]} 2. Nf3 {[%clk 0:03:03]} d6
{[%clk 0:03:05]} 3. Bb5+ {[%clk 0:03:04]} Nd7 {[%clk 0:03:06]} 4. a4
{[%clk 0:03:05]} Ngf6 {[%clk 0:03:00]} 5. Nc3 {[%clk 0:03:05]} g6
{[%clk 0:03:00]} 6. O-O {[%clk 0:03:04]} Bg7 {[%clk 0:03:01]} 7. Re1
{[%clk 0:03:02]} O-O {[%clk 0:02:58]} 8. a5 {[%clk 0:03:03]} a6 {[%clk 0:02:49]}
9. Bf1 {[%clk 0:03:04]} b6 {[%clk 0:02:38]} 10. axb6 {[%clk 0:03:03]} Nxb6
{[%clk 0:02:37]} 11. d3 {[%clk 0:03:02]} Bb7 {[%clk 0:02:28]} 12. Qd2
{[%clk 0:03:00]} Qc7 {[%clk 0:02:15]} 13. Qg5 {[%clk 0:02:56]} Rfe8
{[%clk 0:01:57]} 14. Qh4 {[%clk 0:02:55]} c4 {[%clk 0:01:51]} 15. Be3
{[%clk 0:02:12]} cxd3 {[%clk 0:01:44]} 16. cxd3 {[%clk 0:02:12]} Nbd7
{[%clk 0:01:42]} 17. d4 {[%clk 0:01:56]} e5 {[%clk 0:01:30]} 18. d5
{[%clk 0:01:53]} Bc8 {[%clk 0:01:19]} 19. Rec1 {[%clk 0:01:37]} Qb7
{[%clk 0:01:20]} 20. Nd2 {[%clk 0:01:06]} Nb6 {[%clk 0:01:12]} 21. f3
{[%clk 0:01:06]} Bd7 {[%clk 0:01:12]} 22. Ra3 {[%clk 0:00:57]} Bb5
{[%clk 0:00:34]} 23. Rb3 {[%clk 0:00:22]} Nbd7 {[%clk 0:00:20]} 24. Nxb5
{[%clk 0:00:18]} axb5 {[%clk 0:00:21]} 25. Bxb5 {[%clk 0:00:15]} Rab8
{[%clk 0:00:12]} 26. Bc6 {[%clk 0:00:13]} Qa6 {[%clk 0:00:13]} 27. Qf2
{[%clk 0:00:11]} Rxb3 {[%clk 0:00:13]} 28. Nxb3 {[%clk 0:00:12]} Rb8
{[%clk 0:00:13]} 29. Qc2 {[%clk 0:00:10]} Nb6 {[%clk 0:00:11]} 30. Ra1
{[%clk 0:00:10]} Qc8 {[%clk 0:00:12]} 31. h3 {[%clk 0:00:11]} Qd8
{[%clk 0:00:11]} 32. Ra7 {[%clk 0:00:12]} Nfd7 {[%clk 0:00:08]} 33. Na5
{[%clk 0:00:11]} Qc8 {[%clk 0:00:06]} 34. b4 {[%clk 0:00:12]} Bf6
{[%clk 0:00:06]} 35. Qf2 {[%clk 0:00:09]} Bd8 {[%clk 0:00:06]} 36. b5
{[%clk 0:00:10]} Nf6 37. Rb7 {[%clk 0:00:08]} Rxb7 {[%clk 0:00:04]} 38. Nxb7
{[%clk 0:00:09]} Qc7 {[%clk 0:00:05]} 39. Nxd8 {[%clk 0:00:10]} 1-0

[Event "Russian Blitz Team Championship (w)"]
[Site "Sochi"]
[Date "2022.10.17"]
[Round "7.11"]
[White "Getman, Tatyana"]
[Black "Kovalevskaya, Ekaterina"]
[Result "1-0"]
[BlackElo "2254"]
[WhiteElo "2019"]
[LiveChessVersion "1.4.8"]

1. d4 {[%clk 0:03:03]} Nf6 {[%clk 0:03:03]} 2. c4 {[%clk 0:03:05]} d6
{[%clk 0:03:04]} 3. Nf3 {[%clk 0:03:05]} Nbd7 {[%clk 0:03:05]} 4. Nc3
{[%clk 0:03:06]} e5 {[%clk 0:03:06]} 5. e4 {[%clk 0:03:08]} Be7 {[%clk 0:03:07]}
6. Be2 {[%clk 0:03:06]} O-O {[%clk 0:03:07]} 7. O-O {[%clk 0:03:07]} c6 8. d5
{[%clk 0:03:03]} c5 {[%clk 0:02:39]} 9. a3 {[%clk 0:02:58]} Ne8 {[%clk 0:02:14]}
10. Ne1 {[%clk 0:02:59]} Bg5 {[%clk 0:02:09]} 11. Nd3 {[%clk 0:02:58]} Bxc1
{[%clk 0:02:04]} 12. Qxc1 {[%clk 0:02:51]} g6 {[%clk 0:01:46]} 13. b4
{[%clk 0:02:47]} b6 {[%clk 0:01:43]} 14. f4 {[%clk 0:02:14]} exf4
{[%clk 0:01:35]} 15. Qxf4 {[%clk 0:02:15]} Qe7 {[%clk 0:01:34]} 16. bxc5
{[%clk 0:02:10]} Nxc5 {[%clk 0:01:25]} 17. Nxc5 {[%clk 0:02:09]} bxc5
{[%clk 0:01:26]} 18. Rab1 {[%clk 0:01:57]} f5 {[%clk 0:01:19]} 19. Bd3
{[%clk 0:01:37]} fxe4 {[%clk 0:01:07]} 20. Qxf8+ {[%clk 0:01:38]} Qxf8
{[%clk 0:01:08]} 21. Rxf8+ {[%clk 0:01:38]} Kxf8 {[%clk 0:01:09]} 22. Nxe4
{[%clk 0:01:25]} Bf5 {[%clk 0:00:55]} 23. Rb7 {[%clk 0:01:09]} Bxe4
{[%clk 0:00:51]} 24. Bxe4 {[%clk 0:01:09]} Nf6 {[%clk 0:00:52]} 25. Bf3
{[%clk 0:01:05]} a5 {[%clk 0:00:53]} 26. Kf2 {[%clk 0:00:59]} Ra6
{[%clk 0:00:27]} 27. Kg3 {[%clk 0:00:55]} Ke8 {[%clk 0:00:24]} 28. Kf4
{[%clk 0:00:55]} Nd7 {[%clk 0:00:23]} 29. Bg4 {[%clk 0:00:48]} Ne5
{[%clk 0:00:24]} 30. Rxh7 {[%clk 0:00:47]} Nxc4 {[%clk 0:00:21]} 31. Be2
{[%clk 0:00:48]} Rb6 {[%clk 0:00:13]} 32. Bxc4 {[%clk 0:00:49]} Rb2
{[%clk 0:00:14]} 33. g4 {[%clk 0:00:36]} Rc2 {[%clk 0:00:11]} 34. Bd3
{[%clk 0:00:34]} Rc3 {[%clk 0:00:12]} 35. Bxg6+ {[%clk 0:00:35]} Kd8
{[%clk 0:00:12]} 36. h4 {[%clk 0:00:33]} Rxa3 {[%clk 0:00:13]} 37. h5
{[%clk 0:00:33]} a4 {[%clk 0:00:12]} 38. h6 {[%clk 0:00:32]} c4 {[%clk 0:00:12]}
39. Ra7 {[%clk 0:00:31]} 1-0